| 000 | 01282nam a22002537a 4500 | ||
|---|---|---|---|
| 001 | 112938 | ||
| 003 | DR-UNIBE | ||
| 005 | 20260216092047.0 | ||
| 008 | 240709b2008 dr ||||| |||| 00| 0 spa d | ||
| 040 |
_aBIBLIOTECA UNIBE _cBIBLIOTECA UNIBE _erda |
||
| 041 |
_aspa _hspa |
||
| 082 | _aRD 347.7293 R426r 2008 | ||
| 110 | 1 | 0 |
_98757 _aRepública Dominicana. Suprema Corte de Justicia _eautor |
| 245 | 1 | 0 | _aResoluciones de interés general de la Suprema Corte de Justicia 2008 |
| 250 | _aPrimera edición | ||
| 260 |
_aSanto Domingo : _bSuprema Corte de Justica, _c2008 |
||
| 300 |
_a105 páginas : _c20 x 13 cm |
||
| 505 | _aResolución Núm. 480-2008 | Resolución Núm. 926-2008 | Resolución Núm. 1924-2008 | Resolución Núm. 1960-2008 | Título I. De los sistemas de escalafón judicial y provisión de cargos judiciales | Título II. Des sistema de provisión de cargos judiciales | Resolución 3471-2008 | ||
| 651 | 7 |
_2lemb _aRepública Dominicana _xSuprema Corte de Justicia _xResoluciones _9202433 |
|
| 700 | 0 |
_aSubero Isa, Jorge A., _d1947- _epresentador _915642 |
|
| 700 | 1 | 0 |
_aSoto Ortíz, Francisco E. _ediseñador de portada _9154631 |
| 710 | 1 | 0 |
_9154572 _aCentro de Documentación e Información Judicial Dominicano (CENDIJD) _ediagramador |
| 942 |
_2ddc _cBK |
||
| 999 |
_c112938 _d112938 |
||